000 01728nam2a22002531 4500
001 RU\NLR\INFOCOMM55\1000054843
005 20040526134410.0
035 _a(NLR Aleph) 002557879
090 _a3077393
_c3077393
100 _a20040526d1982 |||y0rusy50 ca
101 0 _arus
102 _aRU
105 _ay |||||||||
200 1 _aПовышение эффективности изоляционных работ на основе геолого-математического обоснования выбора скважин
_fП.Д. Алексеев
210 _d1982
461 0 _1001RU\NLR\INFOCOMM55\1000054820
_12001#$aНефтяная промышленность$eОбзор информ. по информ. обеспечению общесоюз. науч.-техн. программ$iСерия "Техника и технология добычи нефти и обустройство нефтяных месторождений"$fВНИИ орг., упр. и экономики нефтегазовой пром-сти$v[1981], Вып.23
_93077195
_cМ.
_d1981-
_fВНИИ орг., упр. и экономики нефтегазовой пром-сти
_iСерия "Техника и технология добычи нефти и обустройство нефтяных месторождений"
_oОбзор информ. по информ. обеспечению общесоюз. науч.-техн. программ
_tНефтяная промышленность
_x0234-1336
_v[1981], Вып.23
700 1 _aАлексеев
_bП. Д.
_4070
801 0 _aRU
_bNLR
_gPSBO
801 1 _aRU
_bInfoComm
_c20040526
852 _aNLR
_jП10/5848
942 _cISSUE
980 _aNB
980 _aRUSPER